Cardiomyopathiás és ioncsatorna-betegek regisztere a szegedi CardioGen regiszter /

Elfogadva: 2016.11.15.

Elmentve itt :
Bibliográfiai részletek
Szerzők: Blazsó Péter
Kákonyi Kornél
Forster Tamás
Sepp Róbert
Dokumentumtípus: Cikk
Megjelent: Akadémiai Kiadó 2017
Sorozat:ORVOSI HETILAP 158 No. 3
doi:10.1556/650.2017.30659

mtmt:3150775
Online Access:http://publicatio.bibl.u-szeged.hu/13676
LEADER 00821nab a2200241 i 4500
001 publ13676
005 20231110121607.0
008 180719s2017 hu o 0|| zxx d
022 |a 0030-6002 
024 7 |a 10.1556/650.2017.30659  |2 doi 
024 7 |a 3150775  |2 mtmt 
040 |a SZTE Publicatio Repozitórium  |b hun 
041 |a zxx 
100 1 |a Blazsó Péter 
245 1 0 |a Cardiomyopathiás és ioncsatorna-betegek regisztere  |h [elektronikus dokumentum] :  |b a szegedi CardioGen regiszter /  |c  Blazsó Péter 
260 |a Akadémiai Kiadó  |c 2017 
300 |a 101-105 
490 0 |a ORVOSI HETILAP  |v 158 No. 3 
520 3 |a Elfogadva: 2016.11.15. 
700 0 1 |a Kákonyi Kornél  |e aut 
700 0 1 |a Forster Tamás  |e aut 
700 0 1 |a Sepp Róbert  |e aut 
856 4 0 |u http://publicatio.bibl.u-szeged.hu/13676/1/13.pdf  |z Dokumentum-elérés